<?xml version="1.0" encoding="UTF-8"?>
<record
    xmlns:xsi="http://www.w3.org/2001/XMLSchema-instance"
    xsi:schemaLocation="http://www.loc.gov/MARC21/slim http://www.loc.gov/standards/marcxml/schema/MARC21slim.xsd"
    xmlns="http://www.loc.gov/MARC21/slim">

  <leader>01389cam a2200301 a 4500</leader>
  <controlfield tag="001">000006945</controlfield>
  <controlfield tag="005">20200929154028.0</controlfield>
  <controlfield tag="008">960301s1992    sp ab    b    100 0 spa d</controlfield>
  <datafield tag="020" ind1=" " ind2=" ">
    <subfield code="a">8478201319</subfield>
  </datafield>
  <datafield tag="040" ind1=" " ind2=" ">
    <subfield code="a">DO-SdBNP</subfield>
    <subfield code="b">spa</subfield>
    <subfield code="c">BNPHU</subfield>
  </datafield>
  <datafield tag="245" ind1="0" ind2="0">
    <subfield code="a">Arag&#xF3;n, litoral mediterr&#xE1;neo :</subfield>
    <subfield code="b">intercambios culturales durante la prehistoria /</subfield>
    <subfield code="c">coordinadora, Pilar Utrilla Miranda.</subfield>
  </datafield>
  <datafield tag="260" ind1=" " ind2=" ">
    <subfield code="a">Zaragoza :</subfield>
    <subfield code="b">Instituci&#xF3;n Fernando el Cat&#xF3;lico,</subfield>
    <subfield code="c">1992.</subfield>
  </datafield>
  <datafield tag="300" ind1=" " ind2=" ">
    <subfield code="a">660 p. :</subfield>
    <subfield code="b">il., maps. , gr&#xE1;f. ;</subfield>
    <subfield code="c">31 cm.</subfield>
  </datafield>
  <datafield tag="490" ind1="1" ind2=" ">
    <subfield code="a">Instituci&#xF3;n Fernando el Cat&#xF3;lico</subfield>
    <subfield code="v">1302</subfield>
  </datafield>
  <datafield tag="500" ind1=" " ind2=" ">
    <subfield code="a">"En homenaje a Juan Maluquer de Motes."</subfield>
  </datafield>
  <datafield tag="500" ind1=" " ind2=" ">
    <subfield code="a">Documentos presentados en un seminario patrocinado por la Instituci&#xF3;n "Fernando el Cat&#xF3;lico".</subfield>
  </datafield>
  <datafield tag="500" ind1=" " ind2=" ">
    <subfield code="a">En la cubierta: Ponencias y comunicaciones.</subfield>
  </datafield>
  <datafield tag="504" ind1=" " ind2=" ">
    <subfield code="a">Contiene referencias bibliogr&#xE1;ficas y notas al pie de las p&#xE1;ginas</subfield>
  </datafield>
  <datafield tag="650" ind1=" " ind2="0">
    <subfield code="a">Prehistoria</subfield>
    <subfield code="z">Espa&#xF1;a</subfield>
    <subfield code="z">Arag&#xF3;n</subfield>
    <subfield code="9">19276</subfield>
  </datafield>
  <datafield tag="650" ind1=" " ind2="0">
    <subfield code="a">Antiguedades</subfield>
    <subfield code="z">Espa&#xF1;a</subfield>
    <subfield code="z">Arag&#xF3;n</subfield>
    <subfield code="9">19277</subfield>
  </datafield>
  <datafield tag="650" ind1=" " ind2="0">
    <subfield code="a">Excavaciones (arqueolog&#xED;a)</subfield>
    <subfield code="z">Espa&#xF1;a</subfield>
    <subfield code="z">Arag&#xF3;n</subfield>
    <subfield code="9">19278</subfield>
  </datafield>
  <datafield tag="651" ind1=" " ind2="0">
    <subfield code="a">Arag&#xF3;n (Espa&#xF1;a{Rpara}</subfield>
    <subfield code="x">Antiguedades</subfield>
    <subfield code="9">19279</subfield>
  </datafield>
  <datafield tag="600" ind1="1" ind2="0">
    <subfield code="a">Maluquer de Motes y Nicolau, Juan.</subfield>
    <subfield code="9">19280</subfield>
  </datafield>
  <datafield tag="700" ind1="1" ind2=" ">
    <subfield code="a">Utrilla Miranda, Pilar,</subfield>
    <subfield code="e">coord.</subfield>
    <subfield code="9">19281</subfield>
  </datafield>
  <datafield tag="700" ind1="1" ind2=" ">
    <subfield code="a">Maluquer de Motes y Nicolau, Juan.</subfield>
    <subfield code="9">19280</subfield>
  </datafield>
  <datafield tag="710" ind1="1" ind2=" ">
    <subfield code="a">Instituci&#xF3;n "Fernando el Cat&#xF3;lico."</subfield>
    <subfield code="9">19282</subfield>
  </datafield>
  <datafield tag="830" ind1=" " ind2="0">
    <subfield code="a">Instituci&#xF3;n "Fernando el Cat&#xF3;lico"</subfield>
    <subfield code="v">1302</subfield>
    <subfield code="9">16722</subfield>
  </datafield>
  <datafield tag="952" ind1=" " ind2=" ">
    <subfield code="0">0</subfield>
    <subfield code="1">0</subfield>
    <subfield code="5">2</subfield>
    <subfield code="7">0</subfield>
    <subfield code="8">MO</subfield>
    <subfield code="a">GR</subfield>
    <subfield code="b">GR</subfield>
    <subfield code="c">CT</subfield>
    <subfield code="d">2009-09-03</subfield>
    <subfield code="i">LF1</subfield>
    <subfield code="l">0</subfield>
    <subfield code="o"> </subfield>
    <subfield code="p">6945-10</subfield>
    <subfield code="r">2020-06-25</subfield>
    <subfield code="w">2020-06-25</subfield>
    <subfield code="y">2</subfield>
    <subfield code="Z">Pr&#xE9;stamo interno</subfield>
  </datafield>
  <datafield tag="999" ind1=" " ind2=" ">
    <subfield code="c">6729</subfield>
    <subfield code="d">6729</subfield>
  </datafield>
</record>
